Global Migrants, Local Lives: Migration and Transformation in Rural Bangladesh
| Prif Awdur: | |
|---|---|
| Fformat: | Anhysbys |
| LEADER | 00235 a2200085 4500 | ||
|---|---|---|---|
| 020 | |a 9780198279198 | ||
| 100 | |a Katy Gardner |9 59545 | ||
| 245 | |a Global Migrants, Local Lives: Migration and Transformation in Rural Bangladesh | ||
| 942 | |c BK | ||
| 999 | |c 47618 |d 47618 | ||